00362nam a2200145 a 450000100060000000300090000600800410001504000280005608200170008410000260010124500270012726000310015430000080018565000230019314108CO-ViMGA141112s2004 ck r 000 u spa d aCO-ViMGAbspacCO-ViMGA04aA864.44 S1751 aSarmiento, Domingo F.10aRecuerdos de provincia aNavarra : bSalvat, c1970 a16814aENSAYOS ARGENTINOS